Ginecología de Gori (Registro nro. 3906)

Detalles MARC
000 -CABECERA
campo de control de longitud fija 02864nam a2200289 i 4500
001 - NÚMERO DE CONTROL
campo de control Rebiun17975637
003 - IDENTIFICADOR DEL NÚMERO DE CONTROL
campo de control AR-RoIUNI
005 - FECHA Y HORA DE LA ÚLTIMA TRANSACCIÓN
campo de control 20241122062659.0
007 - CAMPO FIJO DE DESCRIPCIÓN FÍSICA--INFORMACIÓN GENERAL
campo de control de longitud fija ta
008 - DATOS DE LONGITUD FIJA--INFORMACIÓN GENERAL
campo de control de longitud fija 160627s2016 ag 000 spad|
020 ## - NÚMERO INTERNACIONAL ESTÁNDAR DEL LIBRO
Número Internacional Estándar del Libro 9789500694896
040 ## - FUENTE DE LA CATALOGACIÓN
Centro catalogador/agencia de origen UGR
Centro/agencia transcriptor AR-RoIUNI
080 ## - NÚMERO DE LA CLASIFICACIÓN DECIMAL UNIVERSAL
Número de la Clasificación Decimal Universal 618.1 GOR
100 1# - ENTRADA PRINCIPAL--NOMBRE DE PERSONA
Nombre de persona Gori, Jorge
9 (RLIN) 51
245 10 - MENCIÓN DE TÍTULO
Título Ginecología de Gori
Mención de responsabilidad, etc. Jorge Gori, Roberto Castaño, Antonio Lorusso ; coord. general Mariano Toziano
250 ## - MENCIÓN DE EDICIÓN
Mención de edición 3a. ed.
260 ## - PUBLICACIÓN, DISTRIBUCIÓN, ETC. (PIE DE IMPRENTA)
Lugar de publicación, distribución, etc. Buenos Aires
Nombre del editor, distribuidor, etc. Editorial Médica Panamericana,
Fecha de publicación, distribución, etc. 2016
300 ## - DESCRIPCIÓN FÍSICA
Extensión XVIII, 1006 p.
Otras características físicas il.
Dimensiones 28 cm
505 0# - NOTA DE CONTENIDO CON FORMATO
Nota de contenido con formato Índice<br/>Prólogo 1<br/>Prólogo 2<br/>Prefacio<br/><br/>PARTE I<br/>ASPECTOS GENERALES<br/><br/>Anatomía del aparato genital femenino y de la mama<br/>Embriología urogenital y mamaria<br/>Anomalías del desarrollo. Trastornos de la diferenciación sexual<br/>Fisiología sexual femenina<br/>Principios básicos de biología tumoral<br/><br/>PARTE II<br/>LA ATENCION GINECOLOGICA Y EPAPAS EVOLUTIVAS DE LA MUJER<br/><br/>Rol del ginecólogo en la atención primaria de la salud<br/>Infancia, pubertad y adolescencia<br/>Menopausia<br/>Ginecología psicosomática y calidad de vida<br/><br/>PARTE III<br/>SEMIOLOGÍA GINECOLÓGICA Y ESTUDIOS COMPLEMENTARIOS EN GINECOLOGÍA<br/><br/>Semiología y estudios complementarios<br/>Ecografía ginecológica<br/>Endoscopia ginecológica<br/><br/>PARTE IV<br/>ALTERACIONES DEL SANGRADO UTERINO<br/><br/>Hemorragia uterina anormal<br/>Amenorreas<br/><br/>PARTE V<br/>TRASTORNOS HORMONALES<br/><br/>Síndromes hiperandrogénicos y poliquistosis ovárica<br/>Prolactina e hiperprolactinemia<br/>Síndrome metabólico e insulinorresistencia<br/><br/>PARTE VI<br/>PATOLOGÍA INFLAMATORIA E INFECCIOSA<br/><br/>Infecciones no virales del tracto genital femenino<br/>Infecciones virales del tracto genital inferior femenino<br/>Enfermedad pelviana inflamatoria o infección del tracto genitalsuperior<br/><br/>PARTE VII<br/>REPRODUCCIÓN HUMANA, GESTACIÓN Y PROCREACIÓN RESPONSABLE<br/><br/>Ciclo trifásico<br/>Reproducción humana<br/>Anticoncepción<br/>Aborto<br/>Embarazo ectópico<br/>Enfermedad trofoblástica gestacional<br/><br/>PARTE VIII<br/>ENDOMETRIOSIS Y ADENOMIOSIS<br/><br/>Endometriosis y adenomiosis<br/><br/>PARTE IX<br/>PATOLOGIA DEL OVARIO Y DE LAS TROMPAS UTERINAS<br/><br/>Patología del ovario<br/>Patología tubaria<br/><br/>PARTE X<br/>PATOLOGIA UTERINA<br/><br/>Miomatosis uterina<br/>Sarcomas uterinos<br/>Patología del endometrio<br/>Patología cervical benigna y lesiones intraepiteliales<br/>Cáncer invasor de cuello uterino<br/><br/>PARTE XI<br/>PATOLOGIA VULVAR Y VAGINAL<br/><br/>Patología vulvar<br/>Patología vaginal<br/><br/>PARTE XII<br/>UROLOGÍA GINECOLÓGICA Y PISO PELVIANO<br/><br/>Distopias genitales<br/>Patología urinaria de la mujer<br/>Heridas y fístulas genitales<br/><br/>PARTE XIII<br/>PATOLOGIA MAMARIA<br/><br/>Semiología y métodos de diagnóstico de la mama<br/>Patología mamaria benigna<br/>Cáncer de mama
650 10 - PUNTO DE ACCESO ADICIONAL DE MATERIA--TÉRMINO DE MATERIA
Término de materia o nombre geográfico como elemento inicial Medicina
9 (RLIN) 58
650 14 - PUNTO DE ACCESO ADICIONAL DE MATERIA--TÉRMINO DE MATERIA
Término de materia o nombre geográfico como elemento inicial Ginecología y Obstetricia
9 (RLIN) 287
650 10 - PUNTO DE ACCESO ADICIONAL DE MATERIA--TÉRMINO DE MATERIA
Término de materia o nombre geográfico como elemento inicial Ginecología
9 (RLIN) 100
650 10 - PUNTO DE ACCESO ADICIONAL DE MATERIA--TÉRMINO DE MATERIA
Término de materia o nombre geográfico como elemento inicial Obstetricia
9 (RLIN) 283
700 1# - PUNTO DE ACCESO ADICIONAL--NOMBRE DE PERSONA
Nombre de persona Castaño, Roberto E.,
Término indicativo de función/relación coaut
700 1# - PUNTO DE ACCESO ADICIONAL--NOMBRE DE PERSONA
Nombre de persona Lorusso, Antonio,
Término indicativo de función/relación coaut
942 ## - ELEMENTOS DE PUNTO DE ACCESO ADICIONAL (KOHA)
Fuente del sistema de clasificación o colocación Clasificación Decimal Universal
Tipo de ítem Koha Libros
Existencias
Estado de retiro Estado de pérdida Fuente del sistema de clasificación o colocación Estado dañado Excepción de préstamo Código de colección Localización permanente Ubicación/localización actual Ubicación en estantería Fecha de adquisición Fuente de adquisición Número de inventario Total de préstamos Renovaciones totales Signatura topográfica completa Código de barras Fecha visto por última vez Fecha del último préstamo Precio válido a partir de Tipo de ítem Koha Coste, precio normal de compra Coste, precio de reemplazo
    Clasificación Decimal Universal     Medicina BIBLIOTECA CENTRAL BIBLIOTECA CENTRAL BIBLIOTECA CENTRAL 11/09/2018 Compra 4103 6 2 618.1 GOR 4103c 04/10/2024 12/09/2024 11/09/2018 Libros    
    Clasificación Decimal Universal     Medicina BIBLIOTECA CENTRAL BIBLIOTECA CENTRAL BIBLIOTECA CENTRAL 08/12/2019   6685 3 3 618.1 GOR 6685c 12/03/2024 08/02/2024 08/12/2019 Libros 4585.00 4585.00
    Clasificación Decimal Universal     Medicina BIBLIOTECA CENTRAL BIBLIOTECA CENTRAL BIBLIOTECA CENTRAL 08/09/2021 Compra 7011 3   618.1 GOR 7011 06/06/2025 06/06/2025 08/09/2021 Libros